Kinai shōen no kiso kōzō : toku ni kintōmyō shōen, sekkanke ōbanryō bantōsei shōen tō ni kansuru jisshōteki kenkyū /

Saved in:
Bibliographic Details
Main Author: Watanabe, Sumio, 1912-
Format: Book
Language:Japanese
Published: Tōkyō : Yoshikawa Kōbunkan, Shōwa 44-45 [1969-1970]
Edition:Zōtei ban.
Subjects:
Tags: Add Tag
No Tags, Be the first to tag this record!
LEADER 01135cam a2200277 a 4500
001 007761065-2
005 20024617115255.0
008 880404m19691970ja b 001 0 jpn
010 |a 72813695 
035 0 |a ocm17726533 
040 |a DLC  |c PPiU  |d PPiU  |d *YNH*  |d CStRLIN 
043 |a a-ja--- 
050 0 |a HC254.3  |b .W332 
100 1 |6 880-01  |a Watanabe, Sumio,  |d 1912- 
245 1 0 |6 880-02  |a Kinai shōen no kiso kōzō :  |b toku ni kintōmyō shōen, sekkanke ōbanryō bantōsei shōen tō ni kansuru jisshōteki kenkyū /  |c Watanabe Sumio cho. 
250 |6 880-03  |a Zōtei ban. 
260 |6 880-04  |a Tōkyō :  |b Yoshikawa Kōbunkan,  |c Shōwa 44-45 [1969-1970] 
300 |a 2 v. ;  |c 22 cm. 
504 |a Includes bibliographical references and indexes. 
650 0 |a Manors  |z Japan  |z Kinki Region. 
880 1 |6 100-01  |a 渡辺澄夫,  |d 1912- 
880 1 0 |6 245-02  |a 畿內庄園の基礎構造 :  |b 特に均等名庄園.攝関家大番領番頭制庄園等に関する実証的硏究 /  |c 渡辺澄夫著. 
880 |6 250-03  |a 增訂版. 
880 |6 260-04  |a 東京 :  |b 吉川弘文館,  |c 昭和44-45 [1969-1970] 
988 |a 20021209 
906 |0 DLC